[Event "Solingen-ch 2013"]
[Site "Solingen"]
[Date "2013.09.13"]
[Round "1.1"]
[White "Kniest, Oliver"]
[Black "Mentzel, Markus"]
[Result "1/2-1/2"]
[WhiteElo "2309"]
[BlackElo "1760"]
[PlyCount "64"]
[EventDate "2013.??.??"]
[EventRounds "7"]
[WhiteTeam "SG Solingen e.V."]
[BlackTeam "SG Solingen e.V."]

1. d4 d6 2. c4 e5 3. d5 f5 4. Nc3 Nf6 5. e4 Be7 6. exf5 Bxf5 7. Nge2 Nbd7 8.
Ng3 Bg6 9. h4 h5 10. Bd3 Bf7 11. Bg5 g6 12. Qc2 Rg8 13. Qe2 Nc5 14. Bc2 Nfd7
15. Nge4 Nxe4 16. Nxe4 Bxg5 17. Nxg5 Qe7 18. Qe3 Nb6 19. Bb3 Nd7 20. Ba4 Rg7
21. Rh3 a6 22. Rd1 Bg8 23. Rf3 Kd8 24. Bxd7 Kxd7 25. c5 Ke8 26. Qb3 Rb8 27.
cxd6 cxd6 28. Ne4 Rf7 29. Rdd3 Rf5 30. Rg3 Bf7 31. Qb6 Rd8 32. Rd2 Rf4 1/2-1/2

[Event "Solingen-ch 2013"]
[Site "Solingen"]
[Date "2013.09.13"]
[Round "1.2"]
[White "Fränzel, Dr. Marius"]
[Black "Schockenbäumer, Dirk"]
[Result "0-1"]
[WhiteElo "1687"]
[BlackElo "2158"]
[PlyCount "70"]
[EventDate "2013.??.??"]
[EventRounds "7"]
[WhiteTeam "SG Solingen e.V."]
[BlackTeam "SG Solingen e.V."]

1. e4 c5 2. c3 Nf6 3. e5 Nd5 4. d4 cxd4 5. Nf3 d6 6. exd6 Qxd6 7. Qxd4 Nc6 8.
Qd1 Bf5 9. Bc4 O-O-O 10. Qxd5 Qxd5 11. Bxd5 Rxd5 12. Be3 e5 13. Nbd2 f6 14. O-O
Be7 15. Nb3 Bd3 16. Rfc1 Rhd8 17. h3 Be2 18. Nfd2 f5 19. Re1 Bh5 20. c4 Rd3 21.
Nf1 Bb4 22. Bg5 Bxe1 23. Bxd8 Bxf2+ 24. Kxf2 Rxd8 25. Ng3 Bg6 26. h4 f4 27. Nf1
Bd3 28. Nc5 Bxc4 29. Ne4 Bxf1 30. Kxf1 Rd3 31. Kf2 b6 32. Re1 Kd7 33. Re2 Nd4
34. Re1 Nf5 35. Ng5 Rd2+ 0-1

[Event "Solingen-ch 2013"]
[Site "Solingen"]
[Date "2013.09.13"]
[Round "1.3"]
[White "Görke, Joachim"]
[Black "Krämer, Roland"]
[Result "1-0"]
[WhiteElo "2094"]
[BlackElo "1637"]
[PlyCount "79"]
[EventDate "2013.??.??"]
[EventRounds "7"]
[WhiteTeam "SG Solingen e.V."]
[BlackTeam "SF Josefsheim Bigge"]

1. d4 f5 2. c4 e6 3. Nc3 Nf6 4. g3 Be7 5. Bg2 O-O 6. Nf3 Ne4 7. Qc2 Nxc3 8.
Qxc3 Nc6 9. a3 Bf6 10. h4 d6 11. Bg5 Bd7 12. b4 e5 13. dxe5 dxe5 14. Rd1 Bxg5
15. Nxg5 Qe7 16. b5 Nd4 17. Bxb7 Rae8 18. Bd5+ Kh8 19. Rd2 c6 20. bxc6 Bxc6 21.
Bxc6 Nxc6 22. O-O h6 23. Nf3 e4 24. Nd4 Ne5 25. f4 e3 26. Rb2 Ng4 27. c5 Qe4
28. c6 Nf2 29. Nf3 Rf6 30. Rc2 Rg6 31. Rxf2 exf2+ 32. Kxf2 Rc8 33. Ne5 Re6 34.
Qd3 Qh1 35. Qxf5 Qh2+ 36. Kf3 Qh1+ 37. Kg4 Ree8 38. Nf7+ Kg8 39. Nd6 Rf8 40.
Qe6+ 1-0

[Event "Solingen-ch 2013"]
[Site "Solingen"]
[Date "2013.09.13"]
[Round "1.4"]
[White "Schröder, Ulrich"]
[Black "Hobusch, Jan"]
[Result "0-1"]
[WhiteElo "1629"]
[BlackElo "2078"]
[PlyCount "60"]
[EventDate "2013.??.??"]
[EventRounds "7"]
[WhiteTeam "SG Ennepe-Ruhr-S"]
[BlackTeam "SG Solingen e.V."]

1. e4 c6 2. d4 d5 3. e5 c5 4. dxc5 e6 5. Be3 Nd7 6. Nf3 Bxc5 7. Bxc5 Nxc5 8.
Nc3 Ne7 9. Nd4 Ng6 10. Qh5 O-O 11. g3 f6 12. f4 fxe5 13. fxe5 Qc7 14. O-O-O
Qxe5 15. Qxe5 Nxe5 16. Be2 Bd7 17. Bb5 Nc6 18. b4 Na6 19. a3 Nc7 20. Ba4 a6 21.
Bb3 Nxd4 22. Rxd4 Kh8 23. Re1 Rf3 24. Kb2 Raf8 25. Re5 g6 26. h4 Rxg3 27. h5
gxh5 28. Rxh5 Rxc3 29. Kxc3 Nb5+ 30. Kd3 Rf3+ 0-1

[Event "Solingen-ch 2013"]
[Site "Solingen"]
[Date "2013.09.13"]
[Round "1.5"]
[White "Zolfagharian, Kevin"]
[Black "Nguyen, Gia Huy Philipp"]
[Result "1-0"]
[WhiteElo "2041"]
[BlackElo "1625"]
[PlyCount "63"]
[EventDate "2013.??.??"]
[EventRounds "7"]
[WhiteTeam "SG Solingen e.V."]
[BlackTeam "SG Solingen e.V."]

1. e4 c5 2. Nf3 d6 3. d4 cxd4 4. Nxd4 Nf6 5. Nc3 a6 6. Bg5 Nbd7 7. Bc4 Qb6 8.
Bb3 e6 9. Qd2 Be7 10. O-O-O Nc5 11. Rhe1 Qc7 12. f4 b5 13. Bxf6 gxf6 14. f5 b4
15. Nb1 Rg8 16. fxe6 fxe6 17. Qe2 Nxb3+ 18. axb3 e5 19. Qh5+ Kd8 20. Qxh7 Rf8
21. Nf5 Bxf5 22. Qxf5 a5 23. Nd2 a4 24. Nc4 a3 25. bxa3 bxa3 26. Kb1 Qc5 27.
Qe6 Qf2 28. Nxd6 a2+ 29. Ka1 Rb8 30. Nf5+ Kc7 31. Rd7+ Kc8 32. Qc6# 1-0

[Event "Solingen-ch 2013"]
[Site "Solingen"]
[Date "2013.09.13"]
[Round "1.6"]
[White "Müller, Ernst"]
[Black "Beyer, Fabian"]
[Result "1/2-1/2"]
[WhiteElo "1586"]
[BlackElo "1979"]
[PlyCount "113"]
[EventDate "2013.??.??"]
[EventRounds "7"]
[WhiteTeam "SG Solingen e.V."]
[BlackTeam "SG Solingen e.V."]

1. e4 c6 2. d4 d5 3. exd5 cxd5 4. Bd3 Nc6 5. c3 Qc7 6. Ne2 e6 7. Bf4 Bd6 8.
Bxd6 Qxd6 9. Nd2 Nf6 10. Nf3 O-O 11. O-O a6 12. Rc1 b5 13. Qd2 Bb7 14. Qf4 Qxf4
15. Nxf4 Na5 16. Rfe1 h6 17. h3 g5 18. Ne2 Rac8 19. Ne5 Rc7 20. Bb1 Nc4 21. Nd3
Ne4 22. f3 Ned6 23. Kf2 f6 24. Ng3 Re8 25. Nf1 Nb6 26. Nc5 Rce7 27. Bg6 Nf7 28.
Re2 Bc8 29. Rce1 e5 30. Ng3 Kg7 31. Bb1 Nd6 32. Bc2 Kf7 33. Bb3 Nbc4 34. a3
exd4 35. Rxe7+ Rxe7 36. Rxe7+ Kxe7 37. cxd4 Nxb2 38. Bxd5 Ndc4 39. Bb7 Bxb7 40.
Nf5+ Kf7 41. Nxb7 Nxa3 42. Nc5 a5 43. d5 Nbc4 44. d6 Nb6 45. Nd4 Ke8 46. Nc6 a4
47. Nd4 Nac4 48. Nxb5 a3 49. Nc7+ Kd8 50. Nb5 a2 51. Nb3 Kd7 52. Nc3 Kxd6 53.
Nxa2 Nd5 54. Nac1 Nf4 55. Nd4 Ke5 56. Nde2 Nxe2 57. Kxe2 1/2-1/2

[Event "Solingen-ch 2013"]
[Site "Solingen"]
[Date "2013.09.13"]
[Round "1.7"]
[White "Maczkowiak, Thomas"]
[Black "Kissing, Bastian"]
[Result "1-0"]
[WhiteElo "1940"]
[BlackElo "1577"]
[PlyCount "55"]
[EventDate "2013.??.??"]
[EventRounds "7"]
[WhiteTeam "Märkischer Springer Halver-Schal"]
[BlackTeam "SC Tornado Wuppertal 199"]

1. Nf3 Nf6 2. g3 d5 3. Bg2 c5 4. O-O Nc6 5. d4 e6 6. c4 cxd4 7. Nxd4 Be7 8. Nc3
O-O 9. cxd5 Nxd5 10. Nxd5 exd5 11. Be3 Be6 12. Rc1 Qd7 13. Nxc6 bxc6 14. Qa4
Rfc8 15. Bc5 Bxc5 16. Rxc5 Rc7 17. Rd1 Bg4 18. Rd2 Qe7 19. Qc2 Rac8 20. e4 dxe4
21. Bxe4 f5 22. Bxf5 Bf3 23. Qb3+ Bd5 24. Qe3 Re8 25. Rdxd5 cxd5 26. Rxc7 Qd8
27. Qc5 d4 28. Rc8 1-0

[Event "Solingen-ch 2013"]
[Site "Solingen"]
[Date "2013.09.13"]
[Round "1.8"]
[White "Nink, Niklas"]
[Black "Große-Hering, Peter"]
[Result "0-1"]
[WhiteElo "1454"]
[BlackElo "1926"]
[PlyCount "43"]
[EventDate "2013.??.??"]
[EventRounds "7"]
[WhiteTeam "SG Solingen e.V."]
[BlackTeam "SV Horst-Emscher 31"]

1. e4 d6 2. d4 Nf6 3. Nc3 g6 4. Nf3 Bg7 5. Be3 c6 6. Qd2 O-O 7. h3 b5 8. Bd3
Nbd7 9. Ng5 e5 10. f4 Nh5 11. dxe5 dxe5 12. f5 Nf4 13. g3 Qxg5 14. gxf4 exf4
15. Bxf4 Qe7 16. O-O-O a5 17. Bxb5 cxb5 18. Bd6 Qf6 19. Bxf8 Nxf8 20. fxg6 b4
21. gxf7+ Kh8 22. Na4 0-1

[Event "Solingen-ch 2013"]
[Site "Solingen"]
[Date "2013.09.13"]
[Round "1.9"]
[White "Boschek, Dr. Hans-Joachim"]
[Black "Sherif, Malik"]
[Result "1-0"]
[WhiteElo "1921"]
[BlackElo "1454"]
[PlyCount "71"]
[EventDate "2013.??.??"]
[EventRounds "7"]
[WhiteTeam "SV 1922 Hilden"]
[BlackTeam "SG Solingen e.V."]

1. c4 c5 2. g3 Nc6 3. Bg2 g6 4. Nc3 Bg7 5. e3 d6 6. Nge2 Be6 7. d3 Nf6 8. Nd5
Bxd5 9. cxd5 Ne5 10. O-O O-O 11. f4 Ned7 12. e4 b5 13. Kh1 Rc8 14. Be3 a6 15.
Qd2 Re8 16. Rad1 b4 17. d4 Ng4 18. Bg1 Nb6 19. b3 a5 20. h3 Nf6 21. dxc5 dxc5
22. Qe3 a4 23. Rd2 Qc7 24. Rc1 Nfd7 25. e5 c4 26. e6 Nc5 27. exf7+ Kxf7 28. Nd4
Bxd4 29. Qxd4 axb3 30. Rxc4 bxa2 31. Rxa2 Nxc4 32. Qxc4 Nd7 33. Qxb4 Rb8 34.
Qd4 Rb7 35. d6 Qc8 36. Qd5+ 1-0

[Event "Solingen-ch 2013"]
[Site "Solingen"]
[Date "2013.09.13"]
[Round "1.10"]
[White "Ehringfeld, Michael"]
[Black "Vranidis, Athanassios"]
[Result "0-1"]
[WhiteElo "1360"]
[BlackElo "1861"]
[PlyCount "68"]
[EventDate "2013.??.??"]
[EventRounds "7"]
[WhiteTeam "SG Solingen e.V."]
[BlackTeam "SG Solingen e.V."]

1. d4 Nf6 2. Nf3 e6 3. Bg5 Be7 4. e3 d5 5. Bd3 Nbd7 6. Nbd2 c5 7. c3 a6 8. O-O
b5 9. Re1 c4 10. Bc2 Bb7 11. e4 dxe4 12. Bxe4 Nxe4 13. Bxe7 Nxc3 14. Bxd8 Nxd1
15. Raxd1 Rxd8 16. Ne4 Bxe4 17. Rxe4 Nf6 18. Re5 Rd5 19. Rc1 O-O 20. b3 Rc8 21.
bxc4 Rxc4 22. Rxc4 bxc4 23. Re3 Ra5 24. Re2 Nd5 25. g3 c3 26. Rc2 Ra3 27. Ne5
Nb4 28. Rc1 Nxa2 29. Rc2 Nb4 30. Rc1 f6 31. Nc4 Na2 32. Rc2 Ra4 33. Nb6 Rb4 34.
Nc8 Rb2 0-1

[Event "Solingen-ch 2013"]
[Site "Solingen"]
[Date "2013.09.13"]
[Round "1.11"]
[White "Meckel, Helmut"]
[Black "Wolf, Wieland"]
[Result "0-1"]
[WhiteElo "1831"]
[BlackElo "1313"]
[PlyCount "50"]
[EventDate "2013.??.??"]
[EventRounds "7"]
[WhiteTeam "SG Solingen e.V."]
[BlackTeam "SG Solingen e.V."]

1. b4 e5 2. Bb2 d6 3. e3 Nf6 4. c4 Be7 5. Be2 O-O 6. Nf3 b6 7. d4 exd4 8. exd4
Bb7 9. Nc3 Nbd7 10. O-O Re8 11. Nd2 Nf8 12. Bf3 Bxf3 13. Nxf3 Ng6 14. d5 Qd7
15. Re1 Qg4 16. Rc1 Nf4 17. g3 Nh3+ 18. Kf1 Qxc4+ 19. Kg2 Qg4 20. Qd4 Ng5 21.
Qxg4 Nxg4 22. Rxe7 Rxe7 23. Nxg5 Ne5 24. a3 Nd3 25. Rc2 Ne1+ 0-1

[Event "Solingen-ch 2013"]
[Site "Solingen"]
[Date "2013.09.13"]
[Round "1.12"]
[White "Barche, Robert"]
[Black "Falge, Rainer"]
[Result "0-1"]
[WhiteElo "1257"]
[BlackElo "1731"]
[PlyCount "114"]
[EventDate "2013.??.??"]
[EventRounds "7"]
[WhiteTeam "SG Solingen e.V."]
[BlackTeam "SG Solingen e.V."]

1. c4 d6 2. g3 Nf6 3. Bg2 c6 4. Nc3 g6 5. e3 Bg7 6. Nge2 O-O 7. O-O Na6 8. a3
Qa5 9. d4 e5 10. Qa4 Qxa4 11. Nxa4 Be6 12. b3 Rab8 13. Nac3 Nc7 14. a4 d5 15.
Ba3 Rfe8 16. Bd6 exd4 17. Nxd4 Rbc8 18. Nxe6 Nxe6 19. Rac1 d4 20. Ne4 dxe3 21.
Nxf6+ Bxf6 22. fxe3 Rcd8 23. c5 Be7 24. Rfd1 Nxc5 25. Bxe7 Rxd1+ 26. Rxd1 Rxe7
27. Rc1 Nxb3 28. Rc3 Na5 29. Rc5 b6 30. Rc3 b5 31. axb5 cxb5 32. Ra3 Nc4 33.
Rb3 a6 34. e4 Nd2 35. Rb4 Nc4 36. Kf2 Rd7 37. Kf3 Rd2 38. Rb1 Ne5+ 39. Kf4 f6
40. Bf3 Nd3+ 41. Ke3 Rb2 42. Ra1 Ne5 43. Be2 Nc4+ 44. Kd3 Rd2+ 45. Kc3 Rxe2 46.
Rxa6 Kg7 47. Ra7+ Kh6 48. Ra6 Rxe4 49. Rxf6 Re5 50. Kd4 Rf5 51. Re6 Re5 52. Rf6
Rf5 53. Re6 Re5 54. Rf6 Re2 55. h4 Re3 56. g4 Kg7 57. Rb6 Nxb6 0-1

[Event "Solingen-ch 2013"]
[Site "Solingen"]
[Date "2013.09.13"]
[Round "1.13"]
[White "Skiber, Friedel"]
[Black "Barche, Uwe"]
[Result "1-0"]
[WhiteElo "1729"]
[BlackElo "1187"]
[PlyCount "61"]
[EventDate "2013.??.??"]
[EventRounds "7"]
[WhiteTeam "SG Solingen e.V."]
[BlackTeam "SG Solingen e.V."]

1. e4 e6 2. d4 d5 3. Nc3 Nf6 4. Bg5 Be7 5. Bd3 Nfd7 6. Bxe7 Qxe7 7. f4 c5 8.
Nb5 Na6 9. e5 O-O 10. c3 f6 11. Nh3 Nb6 12. O-O Bd7 13. Nd6 Rab8 14. Qh5 f5 15.
Ng5 h6 16. Nf3 Nc8 17. Nxc8 Rbxc8 18. Qh3 Nc7 19. g4 Bb5 20. Bxb5 Nxb5 21. gxf5
exf5 22. Nh4 Qe6 23. a4 Nc7 24. Rf2 cxd4 25. cxd4 Na6 26. Rg2 Rf7 27. Rg6 Qe8
28. Nxf5 Rc6 29. Nxh6+ Kf8 30. Rxc6 Rxf4 31. Rc8 1-0

[Event "Solingen-ch 2013"]
[Site "Solingen"]
[Date "2013.09.13"]
[Round "1.14"]
[White "Schubert, Stefan"]
[Black "Sherif, Amina"]
[Result "0-1"]
[WhiteElo "1091"]
[BlackElo "1685"]
[PlyCount "70"]
[EventDate "2013.??.??"]
[EventRounds "7"]
[WhiteTeam "SG Solingen e.V."]
[BlackTeam "SG Solingen e.V."]

1. c4 c6 2. Nc3 d5 3. e3 Nf6 4. g3 e6 5. a3 Bd6 6. b3 Nbd7 7. d3 O-O 8. Nge2
Qe7 9. Bg2 Rd8 10. O-O Nb6 11. Qc2 e5 12. f3 Be6 13. Na4 Nxa4 14. bxa4 dxc4 15.
dxc4 Nd7 16. a5 Bc7 17. Bd2 Qc5 18. Qc3 Bxc4 19. Rfe1 Be6 20. f4 a6 21. h3 f6
22. Kh2 Qxc3 23. Bxc3 Nc5 24. Bb4 Nb3 25. Rab1 Rab8 26. f5 Bf7 27. Nc1 Nxa5 28.
Bxa5 Bxa5 29. Nb3 Bxe1 30. Nc5 Bf2 31. Rxb7 Bxe3 32. Rxb8 Rxb8 33. Nxa6 Rb2 34.
Nb4 Kf8 35. Nxc6 Bd5 0-1

[Event "Solingen-ch 2013"]
[Site "Solingen"]
[Date "2013.09.13"]
[Round "1.15"]
[White "Kesseler, Heiko"]
[Black "Schubert, Florian"]
[Result "1-0"]
[WhiteElo "2024"]
[BlackElo "984"]
[PlyCount "33"]
[EventDate "2013.??.??"]
[EventRounds "7"]
[WhiteTeam "Elberfelder SG"]
[BlackTeam "SG Solingen e.V."]

1. e4 e5 2. Bc4 Bd6 3. d3 Ne7 4. Nc3 O-O 5. Bg5 Nbc6 6. Qg4 Bc5 7. Bf6 g6 8.
Qg5 Nd4 9. O-O-O Qe8 10. Qh6 Nef5 11. exf5 Nxf5 12. Qd2 Bxf2 13. Qxf2 d6 14. g4
Nh6 15. h3 Be6 16. Qh4 Qc6 17. Qxh6 1-0

[Event "Solingen-ch 2013"]
[Site "Solingen"]
[Date "2013.09.13"]
[Round "1.16"]
[White "Ferger, Jürgen"]
[Black "Kopernok, Ingo"]
[Result "1-0"]
[WhiteElo "1852"]
[BlackElo "1058"]
[PlyCount "25"]
[EventDate "2013.??.??"]
[EventRounds "7"]
[WhiteTeam "SG Solingen e.V."]
[BlackTeam "SG Solingen e.V."]

1. d4 c6 2. c4 d5 3. Nc3 Bf5 4. cxd5 cxd5 5. Qb3 Qc7 6. Nxd5 Qc6 7. e4 a6 8.
exf5 e6 9. fxe6 fxe6 10. Nf4 Qe4+ 11. Be3 Kf7 12. Nxe6 Kg6 13. Bd3 1-0

[Event "Solingen-ch 2013"]
[Site "Solingen"]
[Date "2013.09.13"]
[Round "1.17"]
[White "Grah, Uli"]
[Black "Littek, Oliver"]
[Result "1-0"]
[WhiteElo "1809"]
[BlackElo "982"]
[PlyCount "63"]
[EventDate "2013.??.??"]
[EventRounds "7"]
[WhiteTeam "SG Solingen e.V."]
[BlackTeam "SG Solingen e.V."]

1. e4 e5 2. Nf3 Nc6 3. Bb5 d6 4. d4 Bd7 5. Nc3 a6 6. Bxc6 Bxc6 7. dxe5 dxe5 8.
Qxd8+ Rxd8 9. Nxe5 Nf6 10. Nxc6 bxc6 11. a3 Bc5 12. O-O O-O 13. Bg5 Be7 14.
Rfd1 Rde8 15. f3 Bc5+ 16. Kf1 Re5 17. f4 Re6 18. Bxf6 Rxf6 19. g3 Rd6 20. e5
Rdd8 21. Ne4 Bd4 22. c3 Bb6 23. Ke2 Rfe8 24. Rxd8 Rxd8 25. Rd1 Re8 26. Kf3 Kf8
27. c4 c5 28. b4 cxb4 29. axb4 c6 30. c5 Bc7 31. Rd7 Bd8 32. Nd6 1-0

[Event "Solingen-ch 2013"]
[Site "Solingen"]
[Date "2013.09.27"]
[Round "2.1"]
[White "Schockenbäumer, Dirk"]
[Black "Skiber, Friedel"]
[Result "1-0"]
[WhiteElo "2158"]
[BlackElo "1729"]
[PlyCount "59"]
[EventDate "2013.??.??"]
[EventRounds "7"]
[WhiteTeam "SG Solingen e.V."]
[BlackTeam "SG Solingen e.V."]

1. Nf3 Nf6 2. d4 g6 3. c4 Bg7 4. Nc3 c6 5. e4 d6 6. Be2 O-O 7. O-O Bg4 8. Be3
Nbd7 9. Qd2 e5 10. Rfd1 Qc7 11. Rac1 Rfd8 12. h3 Bxf3 13. Bxf3 exd4 14. Bxd4
Ne5 15. Be2 c5 16. Be3 a6 17. Bg5 Qc6 18. Nd5 Nxe4 19. Ne7+ Kh8 20. Nxc6 Nxd2
21. Nxe5 Bxe5 22. Bxd8 Nxc4 23. Bxc4 Rxd8 24. Rc2 Kg7 25. a4 Bd4 26. Bd5 Rd7
27. Rd3 Re7 28. Rb3 Re1+ 29. Kh2 Rf1 30. Rxb7 1-0

[Event "Solingen-ch 2013"]
[Site "Solingen"]
[Date "2013.09.27"]
[Round "2.2"]
[White "Falge, Rainer"]
[Black "Görke, Joachim"]
[Result "1/2-1/2"]
[WhiteElo "1731"]
[BlackElo "2094"]
[PlyCount "82"]
[EventDate "2013.??.??"]
[EventRounds "7"]
[WhiteTeam "SG Solingen e.V."]
[BlackTeam "SG Solingen e.V."]

1. e4 c5 2. Nf3 d6 3. Bc4 e6 4. Nc3 Nc6 5. d4 cxd4 6. Nxd4 Nf6 7. O-O Be7 8.
Be3 O-O 9. Bd3 e5 10. Nde2 Be6 11. f4 Ng4 12. Qd2 Nxe3 13. Qxe3 exf4 14. Nxf4
Bf6 15. Nce2 Bxb2 16. Rab1 Ba3 17. Nxe6 fxe6 18. Rxf8+ Qxf8 19. Qh3 Bc5+ 20.
Kh1 e5 21. Ng3 Kh8 22. Qd7 Rd8 23. Qc7 Qe7 24. Qxe7 Nxe7 25. Rxb7 Nc6 26. Nf5
Rb8 27. Rxb8+ Nxb8 28. Bb5 g6 29. Ne7 Kg7 30. g3 Kf7 31. Nd5 Ke6 32. Kg2 h6 33.
Be8 g5 34. Kf3 Bg1 35. h3 Na6 36. Bb5 Nb8 37. h4 gxh4 38. gxh4 Nd7 39. Bxd7+
Kxd7 40. Kg4 Kc6 41. h5 Bc5 1/2-1/2

[Event "Solingen-ch 2013"]
[Site "Solingen"]
[Date "2013.09.27"]
[Round "2.3"]
[White "Hobusch, Jan"]
[Black "Kesseler, Heiko"]
[Result "0-1"]
[WhiteElo "2078"]
[BlackElo "2024"]
[PlyCount "56"]
[EventDate "2013.??.??"]
[EventRounds "7"]
[WhiteTeam "SG Solingen e.V."]
[BlackTeam "Elberfelder SG"]

1. d4 Nf6 2. Bf4 e6 3. e3 d5 4. Nf3 b6 5. Nbd2 Bb7 6. Ne5 Be7 7. Bb5+ c6 8. Bd3
O-O 9. Qf3 c5 10. c3 Qc8 11. Qh3 Ba6 12. Bc2 cxd4 13. exd4 Nc6 14. Nxc6 Qxc6
15. Be5 h6 16. g4 Nd7 17. Bf4 e5 18. dxe5 d4 19. Be4 Qb5 20. c4 Qxb2 21. O-O
Rad8 22. Bxh6 Qc3 23. Nf3 Nxe5 24. Bf4 Nxf3+ 25. Bxf3 Bb7 26. Bg2 Qxh3 27. Bxh3
Bf3 28. Rfe1 Bb4 0-1

[Event "Solingen-ch 2013"]
[Site "Solingen"]
[Date "2013.09.27"]
[Round "2.4"]
[White "Sherif, Amina"]
[Black "Zolfagharian, Kevin"]
[Result "0-1"]
[WhiteElo "1685"]
[BlackElo "2041"]
[PlyCount "156"]
[EventDate "2013.??.??"]
[EventRounds "7"]
[WhiteTeam "SG Solingen e.V."]
[BlackTeam "SG Solingen e.V."]

1. e4 c5 2. Nc3 Nc6 3. g3 g6 4. Bg2 Bg7 5. d3 e6 6. Nge2 Nge7 7. Be3 Nd4 8. O-O
O-O 9. Qd2 Rb8 10. a4 d6 11. Rfc1 Bd7 12. Bg5 Nxe2+ 13. Qxe2 h6 14. Bf4 Bc6 15.
Re1 b6 16. Ra2 a6 17. Qd2 Kh7 18. Rd1 Qd7 19. Be3 e5 20. Raa1 d5 21. exd5 Nxd5
22. Nxd5 Bxd5 23. Bxd5 Qxd5 24. c4 Qd6 25. Rab1 a5 26. Re1 Rbd8 27. Rbd1 f5 28.
f4 exf4 29. Bxf4 Qd4+ 30. Kf1 Rd7 31. Qf2 Qf6 32. Qe2 Qc6 33. Qg2 Qxa4 34. Ra1
Qb3 35. Ra3 Qxb2 36. Qxb2 Bxb2 37. Rb3 Bg7 38. Rxb6 Ra8 39. Rc6 a4 40. Rxc5 a3
41. Be5 a2 42. Bxg7 Kxg7 43. Ra1 Rxd3 44. Ke2 Rb3 45. Rb5 Rxb5 46. cxb5 Kf6 47.
b6 Rb8 48. Rxa2 Rxb6 49. Rd2 g5 50. Kf3 g4+ 51. Kf4 Rb4+ 52. Ke3 Kg5 53. Ke2 f4
54. Rd5+ Kf6 55. gxf4 Rb2+ 56. Kf1 Rxh2 57. Kg1 Re2 58. Rd6+ Re6 59. Rd5 Re4
60. Kg2 Rxf4 61. Kg3 Rf5 62. Rd6+ Kg5 63. Rd8 Rf3+ 64. Kg2 Kh4 65. Rd1 h5 66.
Rh1+ Kg5 67. Rc1 h4 68. Rc5+ Rf5 69. Rc8 h3+ 70. Kg3 Rf3+ 71. Kh2 Rf2+ 72. Kg1
g3 73. Rg8+ Kf4 74. Rf8+ Ke3 75. Re8+ Kd2 76. Rh8 h2+ 77. Kh1 Rf1+ 78. Kg2 Rg1+
0-1

[Event "Solingen-ch 2013"]
[Site "Solingen"]
[Date "2013.09.27"]
[Round "2.5"]
[White "Wolf, Wieland"]
[Black "Maczkowiak, Thomas"]
[Result "0-1"]
[WhiteElo "1313"]
[BlackElo "1940"]
[PlyCount "122"]
[EventDate "2013.??.??"]
[EventRounds "7"]
[WhiteTeam "SG Solingen e.V."]
[BlackTeam "Märkischer Springer Halver-Schal"]

1. e4 c6 2. d4 d5 3. exd5 cxd5 4. Nf3 Bg4 5. Be2 e6 6. O-O Nf6 7. h3 Bh5 8. Bf4
Bd6 9. Bxd6 Qxd6 10. Nbd2 Nc6 11. c3 O-O 12. Re1 Nd7 13. Nh2 Bxe2 14. Qxe2 e5
15. dxe5 Ndxe5 16. Ndf3 f6 17. Rad1 Rad8 18. Nxe5 fxe5 19. Ng4 Rfe8 20. Ne3 Qc5
21. Nf5 Qf8 22. Qg4 Qf6 23. Rd3 e4 24. Rg3 g6 25. Qg5 Rf8 26. Qxf6 Rxf6 27.
Nh6+ Kg7 28. Ng4 Re6 29. Rge3 h5 30. Nh2 Ne5 31. Nf1 Nc4 32. R3e2 Kf6 33. Ne3
Nxe3 34. Rxe3 Kf5 35. Rd1 Red6 36. Rd4 b5 37. f3 exf3 38. Rxf3+ Kg5 39. h4+ Kh6
40. Rdf4 d4 41. cxd4 Rxd4 42. Rf8 Rxf8 43. Rxf8 Rxh4 44. b3 Rd4 45. Ra8 Rd7 46.
Rb8 Rd2 47. Rxb5 Rxa2 48. b4 Rb2 49. Rb7 h4 50. Rxa7 Rxb4 51. Ra1 Kh5 52. Kh2
Kg4 53. Rf1 Rf4 54. Rxf4+ Kxf4 55. Kh3 g5 56. Kh2 Kg4 57. Kg1 Kg3 58. Kh1 h3
59. gxh3 Kxh3 60. Kg1 Kg3 61. Kh1 Kf2 0-1

[Event "Solingen-ch 2013"]
[Site "Solingen"]
[Date "2013.09.27"]
[Round "2.6"]
[White "Große-Hering, Peter"]
[Black "Ferger, Jürgen"]
[Result "0-1"]
[WhiteElo "1926"]
[BlackElo "1852"]
[PlyCount "108"]
[EventDate "2013.??.??"]
[EventRounds "7"]
[WhiteTeam "SV Horst-Emscher 31"]
[BlackTeam "SG Solingen e.V."]

1. e4 c5 2. Nf3 Nc6 3. g3 e5 4. Bg2 Nf6 5. d3 Be7 6. c3 d5 7. exd5 Nxd5 8. O-O
O-O 9. Re1 Bf6 10. Nbd2 Bf5 11. Ne4 Be7 12. Qb3 Nb6 13. Be3 Be6 14. Qc2 Nd7 15.
Rad1 Rc8 16. d4 cxd4 17. Neg5 e4 18. Qxe4 Nf6 19. Nxe6 Nxe4 20. Nxd8 dxe3 21.
Rxe3 f5 22. Ne6 Rf6 23. Nfd4 Nxd4 24. Nxd4 Bc5 25. Bxe4 fxe4 26. Rxe4 Rd8 27.
Kg2 Rfd6 28. f4 b5 29. Kf3 b4 30. g4 bxc3 31. bxc3 Rh6 32. Kg3 Rhd6 33. h4 Ra6
34. Rd2 Ra3 35. Kf3 Rxc3+ 36. Re3 Rc4 37. Red3 Rcxd4 38. Rxd4 Rxd4 39. Rc2 Bb6
40. h5 h6 41. g5 hxg5 42. fxg5 Kf7 43. Kg3 Ke6 44. h6 gxh6 45. gxh6 Kf7 46. Kf3
Kg6 47. Rh2 Kh7 48. Rh5 Rd6 49. a4 Rxh6 50. Rg5 Rc6 51. Ke2 Rc4 52. a5 Rc5 53.
Rg2 Rc2+ 54. Kf3 Rxg2 0-1

[Event "Solingen-ch 2013"]
[Site "Solingen"]
[Date "2013.09.27"]
[Round "2.7"]
[White "Muschallik, Sven"]
[Black "Boschek, Dr. Hans-Joachim"]
[Result "0-1"]
[WhiteElo "951"]
[BlackElo "1921"]
[PlyCount "52"]
[EventDate "2013.??.??"]
[EventRounds "7"]
[WhiteTeam "SG Solingen e.V."]
[BlackTeam "SV 1922 Hilden"]

1. d4 e6 2. Nf3 f5 3. c4 Nf6 4. Nc3 Be7 5. Bf4 d6 6. e3 O-O 7. Bd3 Qe8 8. Qb3
a5 9. a4 Na6 10. O-O Nb4 11. Rfd1 Nxd3 12. Rxd3 Qh5 13. Rdd1 Ng4 14. h3 Nh6 15.
Ne2 g5 16. Bh2 b6 17. Rac1 Bb7 18. Ng3 Qg6 19. d5 e5 20. Ne2 Kh8 21. g3 Qh5 22.
Kg2 g4 23. hxg4 fxg4 24. Nfg1 Rf6 25. Qd3 Nf7 26. Rf1 Rh6 0-1

[Event "Solingen-ch 2013"]
[Site "Solingen"]
[Date "2013.09.27"]
[Round "2.8"]
[White "Vranidis, Athanassios"]
[Black "Grah, Uli"]
[Result "1/2-1/2"]
[WhiteElo "1861"]
[BlackElo "1809"]
[PlyCount "44"]
[EventDate "2013.??.??"]
[EventRounds "7"]
[WhiteTeam "SG Solingen e.V."]
[BlackTeam "SG Solingen e.V."]

1. d4 d6 2. c4 g6 3. Nc3 Bg7 4. e4 Nc6 5. Be3 e5 6. d5 Nd4 7. Nge2 Nxe2 8. Bxe2
Ne7 9. O-O O-O 10. f4 f5 11. fxe5 Bxe5 12. Bd4 Bxd4+ 13. Qxd4 a6 14. Bd3 c5 15.
dxc6 bxc6 16. Rae1 c5 17. Qe3 Rb8 18. Re2 Nc6 19. exf5 Nd4 20. Ref2 Bxf5 21.
Bxf5 Rxf5 22. Rxf5 Nxf5 1/2-1/2

[Event "Solingen-ch 2013"]
[Site "Solingen"]
[Date "2013.09.27"]
[Round "2.9"]
[White "Beyer, Fabian"]
[Black "Kniest, Oliver"]
[Result "0-1"]
[WhiteElo "1979"]
[BlackElo "2309"]
[PlyCount "74"]
[EventDate "2013.??.??"]
[EventRounds "7"]
[WhiteTeam "SG Solingen e.V."]
[BlackTeam "SG Solingen e.V."]

1. d4 Nf6 2. Nf3 e6 3. c4 b6 4. Nc3 Bb4 5. Bd2 Bb7 6. e3 O-O 7. Bd3 d5 8. a3
Bd6 9. cxd5 exd5 10. Nb5 Be7 11. Qc2 c6 12. Nc3 c5 13. Ne5 Nc6 14. O-O c4 15.
Nxc6 Bxc6 16. Bf5 g6 17. Bh3 b5 18. f3 a5 19. g4 b4 20. Ne2 Re8 21. g5 Nh5 22.
f4 Bd7 23. Bg2 Bf5 24. Qa4 Rb8 25. Rfe1 Bf8 26. Bf3 c3 27. bxc3 b3 28. Qc6 b2
29. Rab1 Bxb1 30. Rxb1 Bxa3 31. Bxd5 Rb6 32. Qc4 Qd7 33. Bf3 a4 34. d5 Bd6 35.
Nd4 a3 36. Nc2 Qb5 37. Be2 a2 0-1